000 00598nam a2200193Ia 4500
003 OSt
005 20201012110147.0
008 190216s9999||||xx |||||||||||||| ||und||
020 _a9780070486478
040 _coclc
082 _a621.38153
_bLEA/D
100 _aLeach, Donald P
_94523
245 0 _aDigital Principles And Applications /
_cDonald P Leach ; Albert Paul Malvino
250 _a5th Ed.
260 _bTata Mcgraw Hill Publishing Company Ltd,
_c1991.
_aNew Delhi:
300 _a638p
650 _aComputer
942 _cBK
_2ddc
_h621.38153
_iLEA/D
_k621.38153
_mLEA/D
999 _c8764
_d8764